000 00480nam a2200193Ia 4500
003 OSt
005 20230519114307.0
008 210423s2000 xx 000 0 und d
040 _cAL
041 _aeng
082 _a658.3
_223
_bTRIH
100 _aTRIPATHI (P C).
_9109629
245 _aHuman resource development.
250 _a3
260 _aNew Delhi
_bSultan Chand & Sons
_c2000
365 _b140
_cINR
906 _adevelopment. ; Human ; resource
942 _2ddc
_cBK
999 _c172611
_d172611